书目信息 |
| 题名: |
数学与生活
|
|
| 作者: | 张从文 , 卢松林 主编 | |
| 分册: | ||
| 出版信息: | 北京 北京理工大学出版社 2021.06 |
|
| 页数: | 116页 | |
| 开本: | 26cm | |
| 丛书名: | ||
| 单 册: | ||
| 中图分类: | O1-49 | |
| 科图分类: | ||
| 主题词: | 数学--shu xue--普及读物 | |
| 电子资源: | ||
| ISBN: | 978-7-5682-9913-8 | |
| 000 | 01042nam0 2200253 450 | |
| 001 | 0100028529 | |
| 005 | 20211025120205.0 | |
| 010 | @a978-7-5682-9913-8@dCNY36.00 | |
| 100 | @a20210728d2021 em y0chiy50 ea | |
| 101 | 0 | @achi |
| 102 | @aCN@b110000 | |
| 105 | @aa a 000yy | |
| 106 | @ar | |
| 200 | 1 | @a数学与生活@Ashu xue yu sheng huo@f主编张从文, 卢松林 |
| 210 | @a北京@c北京理工大学出版社@d2021.06 | |
| 215 | @a116页@c图@d26cm | |
| 320 | @a有书目 | |
| 330 | @a本书选用与生活相关的部分较为简单的数学案例, 在保证学生学习兴趣的基础之上, 介绍概率与统计、微积分、线性代数、图论及博弈论的基础知识, 同时穿插若干与各专业相关的如连续复利、数据统计等数学知识。在保证科学性的基础上, 注意讲清概念, 减少论证, 力求简洁、通俗, 符合学生的学习心理, 既可以引起学生的学习兴趣, 也可以锻炼学生的数学思维, 还能提高学生的数学运算能力。 | |
| 606 | 0 | @a数学@Ashu xue@j普及读物 |
| 690 | @aO1-49@v5 | |
| 701 | 0 | @a张从文@Azhang cong wen@4主编 |
| 701 | 0 | @a卢松林@Alu song lin@4主编 |
| 801 | 0 | @aCN@c20210909 |
| 905 | @a河南城建学院图书馆@dO1-49@eZ087 | |
| 数学与生活/主编张从文, 卢松林.-北京:北京理工大学出版社,2021.06 |
| 116页:图;26cm |
| ISBN 978-7-5682-9913-8:CNY36.00 |
| 本书选用与生活相关的部分较为简单的数学案例, 在保证学生学习兴趣的基础之上, 介绍概率与统计、微积分、线性代数、图论及博弈论的基础知识, 同时穿插若干与各专业相关的如连续复利、数据统计等数学知识。在保证科学性的基础上, 注意讲清概念, 减少论证, 力求简洁、通俗, 符合学生的学习心理, 既可以引起学生的学习兴趣, 也可以锻炼学生的数学思维, 还能提高学生的数学运算能力。 |
| ● |
| 相关链接 |
|
|
|
正题名:数学与生活
索取号:O1-49/Z087
 
预约/预借
| 序号 | 登录号 | 条形码 | 馆藏地/架位号 | 状态 | 备注 |
| 1 | 1546593 | 215465930 | 自科库401/401自科库 105排5列6层/ [索取号:O1-49/Z087] | 在馆 | |
| 2 | 1546594 | 215465949 | 自科库401/401自科库 105排5列6层/ [索取号:O1-49/Z087] | 在馆 |